<?xml version="1.0" encoding="UTF-8"?>
<record
    xmlns:xsi="http://www.w3.org/2001/XMLSchema-instance"
    xsi:schemaLocation="http://www.loc.gov/MARC21/slim http://www.loc.gov/standards/marcxml/schema/MARC21slim.xsd"
    xmlns="http://www.loc.gov/MARC21/slim">

  <leader>01199nam a2200373 a 4500</leader>
  <datafield tag="999" ind1=" " ind2=" ">
    <subfield code="c">23257</subfield>
    <subfield code="d">23257</subfield>
  </datafield>
  <controlfield tag="001">vtls009294333</controlfield>
  <controlfield tag="005">20220615113035.0</controlfield>
  <controlfield tag="008">160610s2008    xo l   d p    000 0 slo  </controlfield>
  <datafield tag="020" ind1=" " ind2=" ">
    <subfield code="a">9788022524780 (bro&#x17E;.)</subfield>
  </datafield>
  <datafield tag="035" ind1=" " ind2=" ">
    <subfield code="a">EFFCF736-2372-4BD9-A391-B76718471CF0</subfield>
  </datafield>
  <datafield tag="035" ind1=" " ind2=" ">
    <subfield code="a">urn:nbn:sk:snk-amlg3l</subfield>
  </datafield>
  <datafield tag="035" ind1=" " ind2=" ">
    <subfield code="a">urn:nbn:sk:snk-am0093gc</subfield>
  </datafield>
  <datafield tag="040" ind1=" " ind2=" ">
    <subfield code="a">SNK</subfield>
    <subfield code="b">slo</subfield>
    <subfield code="c">SNK</subfield>
    <subfield code="e">AACR2</subfield>
  </datafield>
  <datafield tag="041" ind1="0" ind2=" ">
    <subfield code="a">slo</subfield>
  </datafield>
  <datafield tag="044" ind1=" " ind2=" ">
    <subfield code="a">xo</subfield>
    <subfield code="c">SK</subfield>
  </datafield>
  <datafield tag="072" ind1=" " ind2="7">
    <subfield code="a">339</subfield>
    <subfield code="x">Obchod</subfield>
    <subfield code="2">konspekt</subfield>
  </datafield>
  <datafield tag="080" ind1=" " ind2=" ">
    <subfield code="a">339.138</subfield>
    <subfield code="2">2001</subfield>
  </datafield>
  <datafield tag="080" ind1=" " ind2=" ">
    <subfield code="a">(075.8)</subfield>
    <subfield code="2">2001</subfield>
  </datafield>
  <datafield tag="100" ind1="1" ind2=" ">
    <subfield code="a">&#x10C;imo, Jozef,</subfield>
    <subfield code="d">1942-</subfield>
    <subfield code="9">3103</subfield>
  </datafield>
  <datafield tag="245" ind1="1" ind2="0">
    <subfield code="a">Marketingov&#xE9; aplik&#xE1;cie</subfield>
    <subfield code="c">Jozef &#x10C;imo a kolekt&#xED;v</subfield>
  </datafield>
  <datafield tag="250" ind1=" " ind2=" ">
    <subfield code="a">1. vyd.</subfield>
  </datafield>
  <datafield tag="260" ind1=" " ind2=" ">
    <subfield code="a">Bratislava</subfield>
    <subfield code="b">Ekon&#xF3;m</subfield>
    <subfield code="c">2008</subfield>
  </datafield>
  <datafield tag="300" ind1=" " ind2=" ">
    <subfield code="a">389 s.</subfield>
    <subfield code="b">sch., tab.</subfield>
    <subfield code="c">20 cm</subfield>
  </datafield>
  <datafield tag="650" ind1="0" ind2="7">
    <subfield code="a">marketing</subfield>
    <subfield code="2">SNKPH</subfield>
    <subfield code="9">3035</subfield>
  </datafield>
  <datafield tag="655" ind1=" " ind2="7">
    <subfield code="a">u&#x10D;ebnice vysok&#xFD;ch &#x161;k&#xF4;l</subfield>
    <subfield code="2">SNKPH</subfield>
    <subfield code="9">3091</subfield>
  </datafield>
  <datafield tag="700" ind1="1" ind2=" ">
    <subfield code="a">&#x10C;ihovsk&#xE1;, Viera,</subfield>
    <subfield code="d">1948-</subfield>
    <subfield code="4">aut</subfield>
    <subfield code="9">3104</subfield>
  </datafield>
  <datafield tag="700" ind1="1" ind2=" ">
    <subfield code="a">Francov&#xE1;, Zuzana,</subfield>
    <subfield code="d">1971-</subfield>
    <subfield code="4">aut</subfield>
    <subfield code="9">3105</subfield>
  </datafield>
  <datafield tag="700" ind1="1" ind2=" ">
    <subfield code="a">Hasprov&#xE1;, M&#xE1;ria,</subfield>
    <subfield code="d">1970-</subfield>
    <subfield code="4">aut</subfield>
    <subfield code="9">3106</subfield>
  </datafield>
  <datafield tag="700" ind1="1" ind2=" ">
    <subfield code="a">Lipianska, J&#xFA;lia,</subfield>
    <subfield code="d">1950-</subfield>
    <subfield code="4">aut</subfield>
    <subfield code="9">3107</subfield>
  </datafield>
  <datafield tag="700" ind1="1" ind2=" ">
    <subfield code="a">Oresk&#xFD;, Milan</subfield>
    <subfield code="4">aut</subfield>
    <subfield code="9">3108</subfield>
  </datafield>
  <datafield tag="700" ind1="1" ind2=" ">
    <subfield code="a">&#x160;tensov&#xE1;, Ant&#xF3;nia,</subfield>
    <subfield code="d">1940-</subfield>
    <subfield code="4">aut</subfield>
    <subfield code="9">3109</subfield>
  </datafield>
  <datafield tag="700" ind1="1" ind2=" ">
    <subfield code="a">Tajt&#xE1;kov&#xE1;, M&#xE1;ria</subfield>
    <subfield code="4">aut</subfield>
    <subfield code="9">3110</subfield>
  </datafield>
  <datafield tag="958" ind1=" " ind2=" ">
    <subfield code="a">NB</subfield>
  </datafield>
  <datafield tag="952" ind1=" " ind2=" ">
    <subfield code="0">0</subfield>
    <subfield code="1">0</subfield>
    <subfield code="2">udc</subfield>
    <subfield code="4">0</subfield>
    <subfield code="7">0</subfield>
    <subfield code="8">D</subfield>
    <subfield code="a">10000</subfield>
    <subfield code="b">10000</subfield>
    <subfield code="d">2022-06-15</subfield>
    <subfield code="i">21590</subfield>
    <subfield code="l">1</subfield>
    <subfield code="o">S1517</subfield>
    <subfield code="p">S1517</subfield>
    <subfield code="q">2023-12-03</subfield>
    <subfield code="r">2023-11-03</subfield>
    <subfield code="s">2023-11-03</subfield>
    <subfield code="w">2022-06-15</subfield>
    <subfield code="y">OLDO</subfield>
  </datafield>
</record>
